| Tag |
First Indicator |
Second Indicator |
Subfields |
| LEADER |
00000cam a2200000 4500 |
| 001 |
in00000282947 |
| 005 |
20151010090913.0 |
| 008 |
720920s1966 nyub b 00000 eng d |
| 010 |
|
|
|a 66014163
|
| 035 |
|
|
|a (OCoLC)00410704
|
| 035 |
|
|
|9 ABG4956AM
|
| 040 |
|
|
|c WSU
|d TXA
|d UtOrBLW
|
| 049 |
|
|
|a TXAM
|c [905923]
|
| 090 |
|
|
|a DS407
|b .L28 1966
|
| 100 |
1 |
|
|a Lamb, Beatrice Pitney,
|d 1904-1997.
|
| 245 |
1 |
0 |
|a India; a world in transition.
|
| 250 |
|
|
|a Rev ed.
|
| 264 |
|
1 |
|a New York :
|b F.A. Praeger,
|c [1966]
|
| 300 |
|
|
|a xi, 382 pages :
|b folded map. ;
|c 21 cm.
|
| 336 |
|
|
|a text
|b txt
|2 rdacontent
|
| 337 |
|
|
|a unmediated
|b n
|2 rdamedia
|
| 338 |
|
|
|a volume
|b nc
|2 rdacarrier
|
| 504 |
|
|
|a Bibliography: pages 361-374.
|
| 651 |
|
0 |
|a India.
|
| 999 |
|
|
|a MARS
|
| 999 |
f |
f |
|s d9e4b302-32d3-31c9-ab3b-0fc95e871f66
|i 5698fcad-0bb2-36bc-aa7c-60c0a9fba6a0
|t 0
|
| 952 |
f |
f |
|p ric
|a Texas A&M University
|b Rellis Campus
|c Joint Library Facility
|d Remote Storage
|t 0
|e DS407 .L28 1966
|h Library of Congress classification
|i unmediated -- volume
|m A14841210881
|
| 998 |
f |
f |
|a DS407 .L28 1966
|t 0
|l Remote Storage
|